000 01830cam a22001814a 4500
005 20250605164357.0
008 250528s ||||||||||||||||||||||||d
035 _a24364
040 _aGR-AtMCL
_bgre
_dGR-AtMCL
_eAACR2
245 1 _aΔημιουργικό Εργαστήρι / Κατασκευάζω, Παίζω, Δημιουργώ
260 _bΔίπτυχο,
_c2014
300 _a60
520 _aΦρουτένιο Καπελάκι, Πολύχρωμα Σουβέρ Εσπεριδοειδών, Μόπιλε Φυσικών Υλικών, Σταφύλια στο Πιάτο, Λαχανικά που Μιλούν, Δένδρο από Αρακά, Οικογένεια Πιγκουίνων. Ο Κύριος Σκορδάτος, Βραχιόλι από Σπόρους, Ποιός Έφαγε το Μήλο, Φρούτα για Παιχνίδι, Κάρτα Αχλάδι, Κάρτα Μήλο, Στεφάνι από Φρούτα, Η Φρουτιέρα της Τάξης, Δαχτυλόκουκλες Λαχανικών, Καλάθι Φρούτων, Καρπούζι από Χαρτόκουτα, Καπέλα Ανανάς και Καρπούζι, Αρακάς με Αρακοπαιδάκια, Τα Χοντρά Μπιζέλια, Φρουτάκια για Κρέμασμα, Καλάθι από Καρπούζι, Αχλάδια Γεμάτα Φως, Καρόκα σε Μόμπιλε, Φρούτα από Χάτινα Πιάτα, Η Πινακοθήκη της Φρουτοποίας, Ανανάς από Ψαλιδισμένο Γκοφρέ, Η Παρεούλα με τα Φρούτα και τα Λαχανικά, Καρότο από Πατούσα, Φραουλοκαπελάκι, Φραουλένιο Καλαθάκι.
700 1 _aLimos Anna
_99440
942 _cCR
999 _c9252
_d9252